|
|
|
|
| LEADER |
01245pam a22003858a 4500 |
| 001 |
00037133 |
| 005 |
20171026081023.0 |
| 008 |
170503s2007 ||||||Viesd |
| 020 |
# |
# |
|c 96000
|
| 041 |
0 |
# |
|a Vie
|
| 082 |
1 |
4 |
|a 959.702
|b L302S
|
| 245 |
0 |
0 |
|a Lịch sử Việt Nam
|c Tạ Ngọc Liễn;Nguyễn Thị Phương Chi; Nguyễn Đức Nhuệ....[Và những Người Khác]
|n T.3
|p Thế kỉ XV- XVI
|
| 260 |
# |
# |
|a Hà Nội
|b Khoa học xã hội
|c 2007
|
| 300 |
# |
# |
|a 681tr.
|c 24 cm.
|
| 490 |
# |
# |
|a ĐTTS: Viện khoa học xã hội Việt Nam. Viện Sử học
|
| 653 |
# |
# |
|a Lịch sử
|
| 653 |
# |
# |
|a Thế giới
|
| 653 |
# |
# |
|a Việt Nam
|
| 653 |
# |
# |
|a Tư liệu
|
| 653 |
# |
# |
|a Thế kỉ XV
|
| 700 |
1 |
# |
|a Nguyễn, Thị Phương Chi
|
| 700 |
1 |
# |
|a Nguyễn, Minh Tường
|
| 700 |
1 |
# |
|a Nguyễn, Đức Nhuệ
|
| 700 |
1 |
# |
|a Tạ, Ngọc Liễn
|e Chủ Biên
|
| 700 |
1 |
# |
|a Vũ, Duy Mền
|
| 852 |
# |
# |
|b Kho đọc
|j KD.0019962
|
| 852 |
# |
# |
|j KD.0019962
|
| 910 |
0 |
# |
|d 03/05/2017
|
| 980 |
# |
# |
|a Trung tâm Học liệu Lê Vũ Hùng, Trường Đại học Đồng Tháp
|